MESTSKÁ KNIŽNICA GIRALTOVCE  - online katalóg 

Futbal - encyklopédia (Record no. 18681)

000 -NÁVESTIE
fixed length control field 00896nam a2200265 a 4500
008 - ÚDAJE S PEVNOU DĹŽKOU – VŠEOBECNÉ INFORMÁCIE
fixed length control field 951122s1986||||[C 0 slo c
020 ## - MEDZINÁRODNÉ ŠTANDARDNÉ ČÍSLO KNIHY (ISBN)
Údaje o dostupnosti 70 Kčs.
Qualifying information (26000 výtl.)
040 ## - ZDROJ KATALOGIZÁCIE
Pôvodná katalogizujúca agentúra SNK
Jazyk katalogizácie slo
Prepisujúca agentúra SNK
Konvencie popisu AACR2
041 1# - KÓD JAZYKA
Kód jazyka textu/zvukovej stopy alebo samostatných nápisov slo
Kód jazyka originálu a/alebo sprostredkujúcich prekladov textu slo
044 ## - KÓD KRAJINY VYDAVATEĽA/PRODUCENTA
Kód krajiny MARC xo
Kód krajiny ISO SK
080 ## - ČÍSLO MEDZINÁRODNÉHO DESATINNÉHO TRIEDENIA (MDT)
Číslo Medzinárodného desatinného triedenia (MDT) 796.332(031)
100 1# - OSOBNÉ MENÁ – VŠEOBECNÉ INFORMÁCIE
Osobné meno Korček, František
Kód roly aut
245 10 - NÁZOV
Názov Futbal - encyklopédia
Údaj o zodpovednosti atď. František Korček, Jozef Kšiňan, Igor Mráz ; František Korček, Igor Čechvala, František Ulč, Miloš Grazdil, Jan Meisner
250 ## - ÚDAJ O PORADÍ VYDANIA
Údaj o poradí vydania 2., dopl. vyd.
260 ## - VYDAVATEĽSKÉ ÚDAJE, DISTRIBÚCIA ATĎ.
Miesto publikovania, distribúcie atď. Bratislava
Názov vydavateľa, distibútora atď. Šport
Dátum publikovania, distribúcie atď. 1986
Miesto výroby Martin
Výrobca Tlačiarne SNP
300 ## - FYZICKÝ POPIS
Rozsah 400 s., 50,55 AH
Ďalšie fyzické detaily Tb. Fot.
Rozmery 24 cm
700 1# - PRIDANÝ VSTUP – OSOBNÉ MENO
Osobné meno Kšiňan, Jozef
Kód roly aut
700 1# - PRIDANÝ VSTUP – OSOBNÉ MENO
Osobné meno Mráz, Igor
Kód roly aut
700 1# - PRIDANÝ VSTUP – OSOBNÉ MENO
Osobné meno Korček, František
Kód roly com
700 1# - PRIDANÝ VSTUP – OSOBNÉ MENO
Osobné meno Čechvala, Igor
Kód roly bkd
700 1# - PRIDANÝ VSTUP – OSOBNÉ MENO
Osobné meno Ulč, František
Kód roly bkd
700 1# - PRIDANÝ VSTUP – OSOBNÉ MENO
Osobné meno Grazdil, Miloš
Kód roly bkd
700 1# - PRIDANÝ VSTUP – OSOBNÉ MENO
Osobné meno Meisner, Jan
Kód roly bkd
958 ## - Formálny deskriptor
Formálny deskriptor A
Holdings
Stav stiahnutia (Blokovanie) (Withrawn status) Stav straty Zdroj klasifikácie pre skladovanie Stav poškodenia (Damaged status) Nie pre výpožičky (Not for loan) Spôsob nadobudnutia (Collection code) Trvalé umiestnenie Aktuálne umiestnenie Dátum nadobudnutia Náklady, bežná kúpna cena Inventárne číslo (prírastkové číslo) Celkom výpožičky Full call number Čiarový kód Dátum posledného výskytu Dátum poslednej výpôžičky Cena s účinnosťou od Typ jednotky Koha
          Kúpa Mestská knižnica Giraltovce Mestská knižnica Giraltovce 2019-11-29 70.00 17317 1 I1025 I1025 2020-06-16 2020-06-01 2019-11-29 Odborná literatúra pre dospelých

Powered by Koha